Writing, reading, and research /

Bibliographic Details
Main Author: Veit, Richard
Format: Book
Published: Boston: Allyn and Bacon, 1985.
Subjects:
LEADER 00548cam a2200193 7i4500
001 0000061061
005 20151104090000.0
005 ##20151104182900.0
003 ##MY-KlINT
020 # # |a 0205308819  
039 # 9 |y 201511041829  |z VLOAD 
090 0 0 |a 808.042 VEI  
100 1 # |a Veit, Richard. 
245 1 0 |a Writing, reading, and research /   |c Richard Veit, Christopher Gould, John Clifford.. 
260 # # |a Boston:   |b Allyn and Bacon,   |c 1985. 
300 # # |a 527 p.. 
650 # 0 |a English language - Rhetoric  
650 # 0 |a Academic writing  
650 # 0 |a Research methodology